000 00745cam a2200277 4500500
005 20260329001246.0
041 _afre
042 _adc
100 1 0 _aGagey, Athénaïs
_eauthor
245 0 0 _aAlerte au “mansplaining”
260 _c2023.
500 _a1
690 _aCollaboration
690 _aCompétences
690 _aConfiance
690 _aConfiance en soi
690 _aCoopération
690 _aÉconomie
690 _aEntreprise
690 _aFemmes/hommes
690 _aInégalités
690 _aPersonal Branding
690 _aSoft skills
786 0 _nPhilonomist | - | 4 | 2023-03-06 | p. 5-9
856 4 1 _uhttps://shs.cairn.info/magazine-philonomist-2023-4-page-5?lang=fr&redirect-ssocas=7080
999 _c1803612
_d1803612